Países de América del Norte en 1 minuto - Estadísticas

Estadísticas generales
  • Esta prueba ha sido intentada 122 veces
  • La puntuación promedio es 20 de 23
Respuestas en el mapa
Las respuestas están codificadas por una escala verde-roja en el mapa de la prueba según el % correcto abajo.
 
Estadísticas de respuestas
Respuesta % Correcto
Estados Unidos
100%
Canadá
99%
México
97%
Cuba
94%
Nicaragua
94%
Panamá
94%
El Salvador
92%
Guatemala
92%
Honduras
92%
Belice
91%
Haití
90%
Costa Rica
88%
República Dominicana
88%
Jamaica
87%
Bahamas
86%
Santa Lucía
81%
San Cristóbal y Nieves
79%
San Vicente y las Granadinas
77%
Trinidad y Tobago
76%
Antigua y Barbuda
69%
Barbados
69%
Dominica
69%
Granada
65%
No se encontraron pruebas coincidentes
Distribución de puntuación
Porcentaje de gente con cada puntuación
Porcentaje por número respondido
Historial de tus puntuaciones
No has intentado esta prueba.